| 000 | 01312nam a2200337 a 4500 | ||
|---|---|---|---|
| 999 |
_c188527 _d188527 |
||
| 003 | BLK | ||
| 005 | 20250128104021.0 | ||
| 008 | 220519b bu |||||r|||| 00| | bu d | ||
| 010 | _aKNG00197545000 | ||
| 040 | _aBLK | ||
| 041 |
_aBUL _cBUL |
||
| 080 |
_aНемска литература _b821.112.2 _x-31 _z821.112.2-31 |
||
| 100 | 1 |
_aФойхтвангер, Лион _eпърви автор _9134521 |
|
| 139 |
_aФойхтвангер, Лион _bФ 67 |
||
| 245 | 1 | 0 |
_aИспанска балада _bРоман _cЛион Фойхтвангер; прев. от нем. Владимир Мусаков. |
| 250 | _a3. изд. | ||
| 257 | _aDEU | ||
| 260 |
_aСофия _bНар. култура _c1983 _fХасково : Ат. Стратиев |
||
| 300 |
_a496 с. _c20 см |
||
| 380 | _aX | ||
| 500 | _aОриг. загл. Die Judin von Toledo / Lion Feuchtwanger. - 1. изд. 1960 в Библ. Избрани романи ; № 8. | ||
| 700 | 1 |
_aМусаков, Владимир _eпрев. от нем. _9380775 |
|
| 852 | _aЦб 120420 | ||
| 856 | 4 | _qpdf | |
| 856 | 4 | _qpdf | |
| 942 |
_cKNG _n0 _s1 _03 |
||
| 944 |
_aCR _c06.12.2016 _k30531 _lЦветелина Шанова |
||
| 944 |
_aED _c09.03.2018 _kТеодора_Стоянова |
||
| 944 |
_aED _c2022-05-19 _kВК |
||
| 999 | _d188527 | ||